|
|
|
|
| LEADER |
01064nam a2200265 a 4500 |
| 001 |
710 |
| 003 |
BD-DhAAL |
| 008 |
090604t19771976ii af 000 0 eng d |
| 999 |
|
|
|c 1435
|d 1435
|
| 010 |
|
|
|a 78911449
|
| 040 |
|
|
|a DLC
|c DLC
|d BD-DhAAL
|
| 082 |
0 |
0 |
|a 613.2083
|2 19
|
| 100 |
1 |
|
|a Ghosh, Shanti.
|9 41764
|
| 245 |
1 |
4 |
|a The feeding and care of infants and young children /
|c Shanti Ghosh.
|
| 250 |
|
|
|a Second edition
|
| 260 |
|
|
|a New Delhi :
|b Voluntary Health Association of India,
|c 1977, c1976.
|
| 300 |
|
|
|a 114 pages [9] leaves of plates :
|b illustrations ;
|c 26 cm.
|
| 504 |
|
|
|a Includes bibliographical references.
|
| 541 |
1 |
|
|e 710
|
| 650 |
|
0 |
|a Infants
|x Nutrition
|z India.
|9 41765
|
| 650 |
|
0 |
|a Nutrition
|x Requirements.
|9 41766
|
| 710 |
2 |
|
|a Voluntary Health Association of India.
|9 41767
|
| 852 |
4 |
|
|a Ayesha Abed Library
|j General Stacks
|
| 942 |
|
|
|2 ddc
|c BK
|
| 952 |
|
|
|0 0
|1 0
|2 ddc
|4 0
|6 613_208300000000000_GHO_1988
|7 0
|9 1314
|a BRACUL
|b BRACUL
|c GEN
|d 2009-06-28
|g 0.00
|l 0
|o 613.2083 GHO
|p 3010000710
|r 2009-06-28
|t 1
|w 2009-06-28
|y BK
|x No price found in the accession register.
|